Province Belge - Statistiques

Statistiques générales
  • Ce quiz a été pris 18 fois
  • Le résultat moyen est 8 sur 10
Statistiques - réponses
Hint Réponse % Correct
Le pays a côté Luxembourg
100%
Comme le nom de son chef-lieu Anvers
86%
Comme le nom de son chef-lieu Namur
86%
brabant wallon ou flamand Brabant Flamand
79%
brabant wallon ou flamand Brabant Wallon
79%
(Hainaut) Hainaut
79%
Flandre occidental ou oriental Flandre Occidental
71%
Flandre oriental ou accidental Flandre Orientale
71%
Comme le nom de son chef-lieu Liege
64%
Comme une province des pays-bas Limbourg
64%
Aucun quiz correspondant
Distribution des résultats
% des personnes avec chaque résultat
Percentile par nombre de réponses
Votre historique - résultats
Vous n’avez pas pris ce quiz